|
|
|
|
| LEADER |
00000nab a2200000 a 4500 |
| 001 |
vtls000456959 |
| 003 |
SK-MaSNL |
| 005 |
20260303000111.0 |
| 008 |
120926c1992 xo 0 slo |
| 015 |
|
|
|a SNBRB19rr/mm-uuuuu
|
| 035 |
|
|
|a CL0457090
|
| 040 |
|
|
|a SNKBUCL
|b slo
|c SNKBUCL
|e AACR2
|
| 041 |
0 |
|
|a slo
|
| 044 |
|
|
|a xo
|c SK
|
| 080 |
|
|
|a 791.44.071.1
|2 1981
|
| 080 |
|
|
|a 929 Kaurismäki, Aki
|2 1981
|
| 100 |
1 |
|
|a Cielová, Hana,
|d 1958-
|4 aut
|9 202558
|
| 245 |
1 |
0 |
|a Aki Kaurismäki
|c Hana Cielová, Štefan Uhrík ; Aki Kaurismäki
|
| 300 |
|
|
|b Fot. 6.
|
| 600 |
1 |
7 |
|a Kaurismäki, Aki
|2 snkbucl
|9 970776
|
| 600 |
1 |
7 |
|a Kaurismäki, Aki
|d 1957-
|2 snkbucl
|9 15360
|
| 655 |
|
7 |
|a články z novín a časopisov
|2 snkbucl
|9 267496
|
| 700 |
1 |
|
|a Uhrík, Štefan
|4 aut
|9 952435
|
| 773 |
0 |
|
|t Mladé rozlety
|g Roč. 6, č. 25 (1992), s. 22-23
|
| 850 |
|
|
|a Slovenská národná knižnica v Martine
|a MTA001
|
| 852 |
|
|
|a SNK
|b KIS3GCP
|
| 958 |
|
|
|a RK
|
| 992 |
|
|
|a RBX
|
| 999 |
|
|
|c 1557230
|d 1559160
|